| 000 | 00973nam a2200229Ia 4500 | ||
|---|---|---|---|
| 003 | OSt | ||
| 005 | 20201013163256.0 | ||
| 008 | 191128s2010 mx gr 000 0 spa d | ||
| 020 | _a9786077916031 | ||
| 040 |
_aCO-JMCR _cCO-JMCR |
||
| 041 | 0 | _aspa | |
| 082 | 0 | 4 |
_a980.02 / _bI381i _223 |
| 245 | 0 | 4 | _aLas Independencias Iberoamericanas / |
| 250 | _aPrimera edición | ||
| 260 |
_aMéxico : _bInstituto Nacional de Estudios Históricos de las Revoluciones de México, _c2010 |
||
| 300 |
_a195 páginas ; _c21 cm. |
||
| 504 | _aBibliografía al final de cada capítulo. | ||
| 505 | 3 | _aProemio -- Revolución e independencia -- El ciclo de los bicentenarios en Bolivia -- La revolución de 1810 en el Nuevo Reino de Granada -- Ideas políticas francesas en la gestación de la independencia de Chile | |
| 650 | 1 | 4 |
_aAmérica Latina _vhistoria _xguerras de independencia _y1806-1830 _911441 |
| 650 | 1 | 4 |
_aAutonomía y movimientos de independencia _911442 |
| 942 |
_2ddc _cBK |
||
| 999 |
_c6260 _d6260 |
||